|
|
|
|
| LEADER |
01397nam a22003137a 4500 |
| 001 |
41986 |
| 003 |
BD-DhAAL |
| 005 |
20250822202851.0 |
| 008 |
231207t2022 bg a|||| |||| 00| 0 eng d |
| 020 |
|
|
|a 9789849075296
|
| 040 |
|
|
|a BD-DhAAL
|c BD-DhAAL
|
| 082 |
|
|
|a 338.95492
|2 22
|
| 245 |
|
|
|a Always a way /
|c edited by Moutushi Kabir... [et..al].
|
| 246 |
|
|
|a brac 50 from Bangladesh to the world.
|
| 260 |
|
|
|a Dhaka :
|b BRAC Centre,
|c 2022.
|
| 300 |
|
|
|a 168 pages :
|b illustrations ;
|c 26 cm.
|
| 541 |
|
|
|a Complimentary copy from BRAC.
|e 41986, 41987
|
| 650 |
|
|
|a Bangladesh Rural Advancement Committee(BRAC).
|9 49057
|
| 650 |
|
|
|a Rural Development
|z Bangladesh.
|
| 650 |
|
|
|a Economics.
|
| 700 |
|
|
|a Rahman, Shajedur.
|9 55810
|
| 700 |
|
|
|a Kabir, Ekramul
|9 55811
|
| 700 |
|
|
|a Esha, Rifat Islam.
|9 55812
|
| 710 |
|
|
|a BRAC Centre.
|9 3596
|
| 852 |
|
|
|a Ayesha Abed Library
|
| 942 |
|
|
|2 ddc
|c BK
|
| 999 |
|
|
|c 46248
|d 46248
|
| 952 |
|
|
|0 0
|1 0
|2 ddc
|4 0
|6 338_954920000000000_ALW
|7 1
|9 74855
|a BRACUL
|b BRACUL
|c BRS
|d 2023-12-07
|e Complementary copy from BRAC
|g 1500.00
|l 0
|o 338.95492 ALW
|p 3010041986
|r 2023-12-07
|t 1
|v 3000.00
|w 2023-12-07
|y BK
|x Complementary copy from BRAC
|
| 952 |
|
|
|0 0
|1 0
|2 ddc
|4 0
|6 338_954920000000000_ALW
|7 1
|9 74867
|a BRACUL
|b BRACUL
|c BRS
|d 2023-12-07
|e Complementary copy from BRAC
|g 1500.00
|l 1
|o 338.95492 ALW
|p 3010041987
|r 2024-02-07
|s 2024-01-31
|t 1
|v 3000.00
|w 2023-12-07
|y BK
|x Complementary copy from BRAC
|